LDR 00784naa#a2200181#i#450# 001 EN\\bibl\19459 005 20260516114925.6 100 ## _a20260515b2026####ek#y0engy0150####ca 102 ## _aRU 200 1# _aESTIMATION OF THE HARMFULNESS BEETLE LARVAE GENUS MORDELLISTENA SP. IN THE VORONEZH REGION _eConference article/thesis 210 1# _aVoronezh _cFSBE Institution of Higher Education Voronezh State University of Forestry and Technologies named after G.F. Morozov _d2026 215 ## _a9 с. 608 ## _aConference article/thesis _2local 675 ## _aЗоология. 59 _aТехника. Экспериментальные методы. Оборудование. 632.08 _z 700 #1 _aRazmashkin _gD. O. 700 #1 _aVoblova _gO. A. 700 #1 _aOleynikova _gElena Mihaylovna 856 4# _abibl.vgltu.ru _u